[Event "Phuket Blue Chevaliers op"]
[Site "Phuket"]
[Date "2023.07.27"]
[Round "6"]
[White "Sorensen, Torben"]
[Black "Attefall, Fredrik"]
[Result "1-0"]
[WhiteElo "2283"]
[BlackElo "1936"]
[PlyCount "79"]
[EventDate "2023.07.23"]
[EventType "swiss"]
[EventRounds "9"]
[EventCountry "THA"]
[SourceTitle "CBM 215 Extra"]
[Source "ChessBase"]
[SourceDate "2023.09.30"]
[SourceVersion "1"]
[SourceVersionDate "2023.09.30"]
[SourceQuality "1"]

1. Nf3 d5 2. d4 Nf6 3. c4 c6 4. cxd5 cxd5 5. Nc3 Nc6 6. Bf4 Bf5 7. e3 e6 8. Qb3 Bb4 9. Bb5 0-0 10. Bxc6 Bxc3+ 11. Qxc3 Ne4 12. Qa3 bxc6 13. Ne5 Qe8 14. f3 f6 15. Nd3 Qg6 16. fxe4 Qxg2 17. 0-0-0 Bxe4 18. Rhg1 Qh3 19. Nf2 Qf5 20. Nxe4 Qxe4 21. Qd3 Qf3 22. h4 Rac8 23. Rdf1 Qh5 24. Qd1 Qe8 25. Bd6 Rf7 26. h5 Kh8 27. Rg2 Qd8 28. Bc5 Qa5 29. Kb1 Qb5 30. Qe2 Qa5 31. Rc1 Rb8 32. Qe1 Qb5 33. Rc3 Qa5 34. Qc1 Qc7 35. Rgc2 e5 36. Ba3 Qa5 37. Rxc6 Qxa3 38. Rc8+ Rf8 39. Rxb8 Rxb8 40. Rc8+ 1-0

[Event "Bangkok op 17th"]
[Site "Bangkok"]
[Date "2017.04.10"]
[Round "3"]
[White "Skou, Niels"]
[Black "Sorensen, Torben"]
[Result "1/2-1/2"]
[WhiteElo "2073"]
[BlackElo "2310"]
[PlyCount "96"]
[EventDate "2017.04.08"]
[EventType "swiss"]
[EventRounds "9"]
[EventCountry "THA"]
[SourceTitle "CBM 177 Extra"]
[Source "ChessBase"]
[SourceDate "2017.04.27"]
[SourceVersion "1"]
[SourceVersionDate "2017.04.27"]
[SourceQuality "1"]

1. d4 f5 2. Nf3 Nf6 3. c4 g6 4. g3 Bg7 5. Bg2 0-0 6. 0-0 d6 7. Nc3 Qe8 8. d5 a5 9. Nd4 Na6 10. e4 fxe4 11. Nxe4 Nxe4 12. Bxe4 Nc5 13. Bg2 a4 14. Rb1 Bd7 15. b3 axb3 16. axb3 Qf7 17. b4 Na4 18. Rb3 Qf6 19. Be3 Rfc8 20. Qe2 c5 21. dxc6 bxc6 22. Rd1 Rab8 23. h4 h6 24. Qd2 Kh7 25. Qc2 c5 26. bxc5 Nxc5 27. Rxb8 Rxb8 28. h5 Ba4 29. Qxg6+ Qxg6 30. hxg6+ Kxg6 31. Rd2 Bf6 32. Bd5 Bd7 33. Kg2 Rb6 34. Rc2 Kg7 35. Kg1 Rb1+ 36. Kh2 Rd1 37. Ne2 Ba4 38. Ra2 Bb3 39. Ra3 Rb1 40. Nf4 Bc2 41. Nh5+ Kg6 42. Nxf6 Kxf6 43. Bxh6 e6 44. Bf3 Bb3 45. Bf8 Ke5 46. Bg7+ Kf5 47. Bf8 Ke5 48. Bg7+ Kf5 1/2-1/2

[Event "Bangkok op 14th"]
[Site "Bangkok"]
[Date "2014.04.12"]
[Round "1"]
[White "Raja, Harshit"]
[Black "Sorensen, Torben"]
[Result "1-0"]
[WhiteElo "1996"]
[BlackElo "2358"]
[PlyCount "93"]
[EventDate "2014.04.12"]
[EventType "swiss"]
[EventRounds "9"]
[EventCountry "THA"]
[SourceTitle "CBM 159 Extra"]
[Source "ChessBase"]
[SourceDate "2014.04.24"]
[SourceVersion "1"]
[SourceVersionDate "2014.04.24"]
[SourceQuality "1"]

1. e4 c5 2. c3 d5 3. exd5 Qxd5 4. d4 e6 5. Na3 cxd4 6. Nb5 Qd8 7. Bf4 Na6 8. Qa4 Bd7 9. Qxd4 Qb6 10. Qxb6 axb6 11. Bc7 Bc5 12. b4 Nxb4 13. cxb4 Bxb4+ 14. Kd1 Bc5 15. Bd6 Bxd6 16. Nxd6+ Ke7 17. Nc4 Ra6 18. Nf3 Nf6 19. Nce5 Ba4+ 20. Ke1 b5 21. Rb1 Rc8 22. Bd3 Nd5 23. Nd4 f6 24. Nef3 g6 25. Be4 Rc5 26. Bxd5 Rxd5 27. Ke2 e5 28. Nb3 e4 29. Nfd2 b4 30. Rhc1 Bb5+ 31. Ke1 Rc6 32. Rxc6 bxc6 33. Nc1 c5 34. a3 Rh5 35. h3 Rg5 36. g3 e3 37. fxe3 Rxg3 38. axb4 c4 39. Kf2 Rxh3 40. Nf3 Bc6 41. Nd4 Be4 42. Ra1 g5 43. Ra7+ Ke8 44. Nce2 Rh2+ 45. Ke1 g4 46. Nc3 Bd3 47. Ndb5 1-0

[Event "DEN-chT 1011 49th"]
[Site "Denmark"]
[Date "2011.03.12"]
[Round "8.6"]
[White "Baekgaard, Martin"]
[Black "Sorensen, Torben"]
[Result "1-0"]
[WhiteElo "2263"]
[BlackElo "2403"]
[PlyCount "57"]
[EventDate "2010.11.06"]
[EventType "team-tourn"]
[EventRounds "9"]
[EventCountry "DEN"]
[SourceTitle "EXT 2012"]
[Source "ChessBase"]
[SourceDate "2011.11.24"]
[SourceVersion "1"]
[SourceVersionDate "2011.11.24"]
[SourceQuality "1"]
[WhiteTeam "Jetsmark"]
[BlackTeam "Sydostfyn"]
[WhiteTeamCountry "DEN"]
[BlackTeamCountry "DEN"]

1. d4 d5 2. c4 c6 3. Nf3 Nf6 4. Qb3 e6 5. Nc3 Nbd7 6. Bg5 Be7 7. e3 0-0 8. Rd1 h6 9. Bh4 a5 10. a4 Re8 11. Bd3 dxc4 12. Bxc4 Nd5 13. Bg3 Nxc3 14. bxc3 b5 15. axb5 a4 16. Qa2 cxb5 17. Bxb5 Qa5 18. Qb2 a3 19. Qb3 Ra7 20. 0-0 Ba6 21. Bxa6 Rxa6 22. c4 a2 23. Ra1 Qb4 24. Qc2 Rea8 25. c5 Ra3 26. Rfc1 Nb8 27. c6 R3a6 28. c7 Nc6 29. Ne5 1-0

[Event "Politiken Cup 32nd"]
[Site "Copenhagen"]
[Date "2010.08.02"]
[Round "4"]
[White "Rodshtein, Maxim"]
[Black "Sorensen, Torben"]
[Result "1-0"]
[WhiteElo "2609"]
[BlackElo "2419"]
[PlyCount "61"]
[EventDate "2010.07.31"]
[EventType "swiss"]
[EventRounds "10"]
[EventCountry "DEN"]
[SourceTitle "CBM 137 Extra"]
[Source "ChessBase"]
[SourceDate "2010.09.01"]
[SourceVersion "1"]
[SourceVersionDate "2010.09.01"]
[SourceQuality "1"]

1. d4 d5 2. Nf3 a6 3. Bg5 h6 4. Bh4 Nd7 5. e3 Ngf6 6. Nbd2 e6 7. Bd3 Be7 8. 0-0 0-0 9. c3 c5 10. a4 b6 11. Qb1 Bb7 12. b4 cxb4 13. cxb4 Ne8 14. Bxe7 Qxe7 15. Ne5 Nd6 16. a5 Nxe5 17. dxe5 Nc8 18. Qb2 Qd8 19. Nb3 Ne7 20. Qd4 Nc6 21. Qxb6 Qxb6 22. axb6 Nxb4 23. Be2 Rfb8 24. Ra4 Nc6 25. Rc1 Nxe5 26. Na5 Bc8 27. Rb4 Bd7 28. f4 Nc4 29. Bxc4 dxc4 30. b7 Ra7 31. Rcxc4 1-0

[Event "Politiken Cup 32nd"]
[Site "Copenhagen"]
[Date "2010.08.01"]
[Round "3"]
[White "Sorensen, Torben"]
[Black "Ostergaard, Rasmus"]
[Result "1-0"]
[WhiteElo "2419"]
[BlackElo "2145"]
[PlyCount "103"]
[EventDate "2010.07.31"]
[EventType "swiss"]
[EventRounds "10"]
[EventCountry "DEN"]
[SourceTitle "CBM 137 Extra"]
[Source "ChessBase"]
[SourceDate "2010.09.01"]
[SourceVersion "1"]
[SourceVersionDate "2010.09.01"]
[SourceQuality "1"]

1. Nf3 Nf6 2. c4 c5 3. Nc3 e6 4. g3 d5 5. cxd5 exd5 6. d4 Nc6 7. Bg2 Be7 8. 0-0 0-0 9. Bg5 c4 10. Ne5 Be6 11. Nxc4 dxc4 12. Bxf6 Bxf6 13. d5 Bd7 14. dxc6 Bxc6 15. Bxc6 bxc6 16. Qxd8 Rfxd8 17. Rad1 Rdb8 18. Rd2 Rb4 19. Rc1 Rab8 20. Rcc2 a5 21. e3 Kf8 22. Kf1 Bxc3 23. bxc3 Rb1+ 24. Ke2 a4 25. a3 R8b3 26. Rd4 Rxa3 27. Rxc4 Rb6 28. Kd3 Ra1 29. Rb4 Rb5 30. Kc4 a3 31. Rxb5 cxb5+ 32. Kb3 Ke7 33. Ra2 Rb1+ 34. Kxa3 Kd6 35. Rb2 Ra1+ 36. Kb3 g5 37. f4 Re1 38. fxg5 Rxe3 39. Rf2 Ke7 40. Rf5 Re2 41. h4 Re3 42. Rxb5 Rxg3 43. Rb7+ Ke6 44. Rb6+ Ke5 45. Rh6 Rg4 46. Rxh7 f6 47. Re7+ Kd6 48. gxf6 Rxh4 49. Ra7 Rf4 50. Rf7 Kc5 51. Rf8 Kb6 52. Kc2 1-0

[Event "Politiken Cup 32nd"]
[Site "Copenhagen"]
[Date "2010.07.31"]
[Round "1"]
[White "Sorensen, Torben"]
[Black "Nielsen, Preben"]
[Result "1-0"]
[WhiteElo "2419"]
[BlackElo "1911"]
[PlyCount "105"]
[EventDate "2010.07.31"]
[EventType "swiss"]
[EventRounds "10"]
[EventCountry "DEN"]
[SourceTitle "CBM 137 Extra"]
[Source "ChessBase"]
[SourceDate "2010.09.01"]
[SourceVersion "1"]
[SourceVersionDate "2010.09.01"]
[SourceQuality "1"]

1. Nf3 Nf6 2. c4 c5 3. Nc3 Nc6 4. g3 g6 5. Bg2 Bg7 6. 0-0 0-0 7. d3 d6 8. a3 Bd7 9. Rb1 Qc8 10. Re1 Bh3 11. Bh1 h6 12. b4 Re8 13. bxc5 dxc5 14. Nd2 b6 15. Bb2 Rb8 16. Nde4 Nxe4 17. Bxe4 Bd7 18. h4 h5 19. Nd5 Bxb2 20. Rxb2 Na5 21. Qd2 Bf5 22. Bg2 Kg7 23. Kh2 Qd7 24. Qc3+ e5 25. Rf1 Nc6 26. Ne3 Nd4 27. Nxf5+ Nxf5 28. Bh3 Qd4 29. Qxd4 Nxd4 30. Bg2 Re7 31. a4 a6 32. Rfb1 Re6 33. a5 b5 34. e3 Nc6 35. Bxc6 Rxc6 36. cxb5 axb5 37. Rxb5 Ra8 38. Rc1 Rd6 39. Rcxc5 Rxd3 40. Rxe5 Rd2 41. Kg2 Ra7 42. Red5 Ra2 43. Kf3 Ra4 44. e4 Ra3+ 45. Kf4 Ra4 46. Ke3 Ra2 47. e5 Ra4 48. Kd3 Ra2 49. Kc4 Ra4+ 50. Kb3 Ra1 51. Kb4 Ra2 52. f4 Ra1 53. Rd3 1-0

[Event "DEN-chT 0910 48th"]
[Site "Denmark"]
[Date "2010.01.09"]
[Round "4.4"]
[White "Greger, Roland Reinhard"]
[Black "Sorensen, Torben"]
[Result "0-1"]
[WhiteElo "2382"]
[BlackElo "2423"]
[PlyCount "118"]
[EventDate "2009.11.07"]
[EventType "team-tourn"]
[EventRounds "9"]
[EventCountry "DEN"]
[SourceTitle "EXT 2023"]
[Source "ChessBase"]
[SourceDate "2022.10.05"]
[SourceVersion "1"]
[SourceVersionDate "2022.10.05"]
[SourceQuality "1"]
[WhiteTeam "Copenhagen K41"]
[BlackTeam "Sydostfyn"]
[WhiteTeamCountry "DEN"]
[BlackTeamCountry "DEN"]

1. e4 c5 2. Nf3 Nc6 3. d4 cxd4 4. Nxd4 g6 5. c4 Bg7 6. Be3 Nf6 7. Nc3 Ng4 8. Qxg4 Nxd4 9. Qd1 Ne6 10. Qd2 Qa5 11. Rc1 b6 12. Be2 Bb7 13. f3 g5 14. 0-0 h5 15. Rfd1 Bc6 16. a3 Qe5 17. b4 d6 18. Bf1 h4 19. Nb5 Kf8 20. Nd4 Nxd4 21. Bxd4 Qxd4+ 22. Qxd4 Bxd4+ 23. Rxd4 f6 24. a4 Kf7 25. c5 dxc5 26. bxc5 Rhc8 27. Ba6 Rcb8 28. Bc4+ Kf8 29. Be6 bxc5 30. Rxc5 Rb1+ 31. Kf2 Rb2+ 32. Ke3 Be8 33. Rdc4 Rab8 34. Rc8 R8b3+ 35. Rc3 Rxc3+ 36. Rxc3 Rb6 37. Bb3 a5 38. h3 Rb4 39. Kf2 Bf7 40. Bc2 Rc4 41. Rxc4 Bxc4 42. g3 e5 43. gxh4 gxh4 44. f4 exf4 45. Kf3 Be6 46. Kxf4 Bxh3 47. e5 Ke7 48. exf6+ Kxf6 49. Bd1 Bd7 50. Ke4 Ke6 51. Kf4 Kd6 52. Bc2 Kc5 53. Bb3 Kb4 54. Bd1 Bxa4 55. Bg4 Bb5 56. Bf5 a4 57. Kg4 a3 58. Bb1 Kc3 59. Ba2 Bc4 0-1

[Event "Ulaanbaatar"]
[Site "Ulaanbaatar"]
[Date "2009.05.22"]
[Round "6"]
[White "Sorensen, Torben"]
[Black "Batchimeg, Tuvshintugs"]
[Result "1/2-1/2"]
[WhiteElo "2401"]
[BlackElo "2286"]
[PlyCount "40"]
[EventDate "2009.05.19"]
[EventType "tourn"]
[EventRounds "10"]
[EventCountry "MGL"]
[EventCategory "4"]
[SourceTitle "CBM 130 Extra"]
[Source "ChessBase"]
[SourceDate "2009.07.02"]
[SourceVersion "2"]
[SourceVersionDate "2009.07.15"]
[SourceQuality "1"]

1. Nf3 f5 2. d4 Nf6 3. g3 g6 4. Bg2 Bg7 5. 0-0 0-0 6. c4 d6 7. Nc3 Qe8 8. Qb3 Na6 9. c5+ Kh8 10. cxd6 exd6 11. Be3 Nh5 12. d5 f4 13. Bd4 Bxd4 14. Nxd4 fxg3 15. hxg3 Nxg3 16. fxg3 Qe3+ 17. Kh2 Qh6+ 18. Kg1 Qe3+ 19. Kh2 Qh6+ 20. Kg1 Qe3+ 1/2-1/2

[Event "Olympiad-38"]
[Site "Dresden"]
[Date "2008.11.25"]
[Round "11"]
[White "Humrana, Mostafa"]
[Black "Sorensen, Torben"]
[Result "0-1"]
[WhiteElo "2001"]
[BlackElo "2383"]
[PlyCount "64"]
[EventDate "2008.11.13"]
[EventType "team-swiss"]
[EventRounds "11"]
[EventCountry "GER"]
[SourceTitle "CBM 128"]
[Source "ChessBase"]
[SourceDate "2009.01.28"]
[SourceVersion "1"]
[SourceVersionDate "2009.01.28"]
[SourceQuality "1"]
[WhiteTeam "Libya"]
[BlackTeam "Malta"]
[WhiteTeamCountry "LBY"]
[BlackTeamCountry "MLT"]

1. d4 f5 2. g3 Nf6 3. Bg2 g6 4. Nh3 Bg7 5. Nf4 Nc6 6. c3 e5 7. dxe5 Nxe5 8. Qb3 c6 9. Be3 Qe7 10. h4 d5 11. Nd2 Ne4 12. Nxe4 fxe4 13. h5 Bf5 14. hxg6 hxg6 15. Rxh8+ Bxh8 16. 0-0-0 Ng4 17. Qa4 Nxe3 18. fxe3 Qc5 19. Nxd5 0-0-0 20. b4 Qf8 21. Qxa7 cxd5 22. Rxd5 Qf6 23. Rc5+ Kd7 24. g4 Bxg4 25. Qxb7+ Ke8 26. Qxe4+ Qe6 27. a4 Kf7 28. Qxe6+ Kxe6 29. Bf3 Bf5 30. a5 Be5 31. b5 Bd6 32. Rc6 Ke5 0-1

[Event "Olympiad-38"]
[Site "Dresden"]
[Date "2008.11.14"]
[Round "2"]
[White "Sorensen, Torben"]
[Black "Ermenkov, Evgenij"]
[Result "1-0"]
[WhiteElo "2383"]
[BlackElo "2465"]
[PlyCount "97"]
[EventDate "2008.11.13"]
[EventType "team-swiss"]
[EventRounds "11"]
[EventCountry "GER"]
[SourceTitle "CBM 128"]
[Source "ChessBase"]
[SourceDate "2009.01.28"]
[SourceVersion "1"]
[SourceVersionDate "2009.01.28"]
[SourceQuality "1"]
[WhiteTeam "Malta"]
[BlackTeam "Palestine"]
[WhiteTeamCountry "MLT"]
[BlackTeamCountry "PLE"]

1. Nf3 g6 2. e4 Bg7 3. d4 d6 4. Bc4 c6 5. Bb3 Nf6 6. Qe2 e5 7. dxe5 dxe5 8. 0-0 Qc7 9. a4 0-0 10. a5 Na6 11. c3 Nc5 12. Bc2 Be6 13. Nbd2 h6 14. b4 Ncd7 15. Bb3 Bxb3 16. Nxb3 b5 17. c4 a6 18. Bb2 Rac8 19. Rac1 Qb8 20. Rc2 Rfe8 21. Rd1 Bf8 22. c5 Qc7 23. Rcd2 Re6 24. h3 Rce8 25. Rd3 Nb8 26. Nh2 Kh7 27. Nd2 Nh5 28. g3 Rd8 29. Rxd8 Qxd8 30. Nc4 Qc7 31. Nb6 Nf6 32. Ng4 Nxg4 33. Qxg4 h5 34. Qf3 Kg8 35. Qd3 Re8 36. Nd7 Bg7 37. Qd6 Qxd7 38. Qxd7 Nxd7 39. Rxd7 Kf8 40. Ra7 Rd8 41. Rxa6 Rd3 42. Ra8+ Ke7 43. a6 Rb3 44. a7 Rxb2 45. Re8+ Kxe8 46. a8Q+ Ke7 47. Qb7+ Kf8 48. Qb8+ Ke7 49. Qd6+ 1-0

[Event "DEN-chT 0708"]
[Site "Denmark"]
[Date "2008.01.13"]
[Round "5.3"]
[White "Sorensen, Torben"]
[Black "Luch, Michal"]
[Result "1/2-1/2"]
[WhiteElo "2387"]
[BlackElo "2389"]
[PlyCount "99"]
[EventDate "2007.11.10"]
[EventType "team-tourn"]
[EventRounds "9"]
[EventCountry "DEN"]
[SourceTitle "EXT 2023"]
[Source "ChessBase"]
[SourceDate "2022.10.05"]
[SourceVersion "1"]
[SourceVersionDate "2022.10.05"]
[SourceQuality "1"]
[WhiteTeam "Sydostfyn"]
[BlackTeam "Aalborg"]
[WhiteTeamCountry "DEN"]
[BlackTeamCountry "DEN"]

1. f4 g6 2. Nf3 Bg7 3. e4 c5 4. Nc3 Nc6 5. Bc4 e6 6. f5 Nge7 7. fxe6 fxe6 8. d3 d5 9. Bb3 Nd4 10. 0-0 Nxb3 11. axb3 0-0 12. exd5 exd5 13. Bg5 Rf7 14. Qe2 Qd6 15. Nb5 Qb6 16. Bxe7 Qxb5 17. Ng5 Bg4 18. Qxg4 Rxe7 19. Rae1 Qe8 20. Qh4 h6 21. Nf3 g5 22. Qg3 Rd8 23. h4 gxh4 24. Nxh4 Rdd7 25. Nf5 Rxe1 26. Rxe1 Qh5 27. Nxg7 Rxg7 28. Qe5 Qxe5 29. Rxe5 Rg5 30. Re8+ Kh7 31. Ra8 a6 32. Rb8 Rg7 33. Rd8 d4 34. b4 Rc7 35. bxc5 Rxc5 36. Rxd4 Rxc2 37. Rd7+ Kg6 38. Rxb7 Rd2 39. Rd7 Rxb2 40. Rd6+ Kg5 41. Rxa6 Rd2 42. Rd6 h5 43. Kh2 h4 44. Rd5+ Kg4 45. Rd4+ Kg5 46. Kh3 Rd1 47. Rd5+ Kf4 48. Rd4+ Kg5 49. Rg4+ Kf5 50. Kxh4 1/2-1/2

[Event "DEN-chT 0708"]
[Site "Denmark"]
[Date "2007.11.18"]
[Round "3.3"]
[White "Hutters, Tomas"]
[Black "Sorensen, Torben"]
[Result "0-1"]
[WhiteElo "2437"]
[BlackElo "2387"]
[PlyCount "42"]
[EventDate "2007.11.10"]
[EventType "team-tourn"]
[EventRounds "9"]
[EventCountry "DEN"]
[SourceTitle "EXT 2023"]
[Source "ChessBase"]
[SourceDate "2022.10.05"]
[SourceVersion "1"]
[SourceVersionDate "2022.10.05"]
[SourceQuality "1"]
[WhiteTeam "Helsinge"]
[BlackTeam "Sydostfyn"]
[WhiteTeamCountry "DEN"]
[BlackTeamCountry "DEN"]

1. Nf3 g6 2. e4 c5 3. c3 Bg7 4. d4 cxd4 5. cxd4 d5 6. e5 Bg4 7. Nc3 Nc6 8. Bb5 Nh6 9. Bxc6+ bxc6 10. Qa4 0-0 11. Bxh6 Bxh6 12. Qxc6 e6 13. h4 Rb8 14. Nd1 Qe7 15. a3 Rfc8 16. Qa6 Rc4 17. Ng5 Bxg5 18. hxg5 Qxg5 19. Ne3 Rxb2 20. Nxc4 Re2+ 21. Kf1 Qf4 0-1

[Event "Politiken Cup 29th"]
[Site "Copenhagen"]
[Date "2007.07.26"]
[Round "7"]
[White "Khenkin, Igor"]
[Black "Sorensen, Torben"]
[Result "1-0"]
[WhiteElo "2602"]
[BlackElo "2371"]
[PlyCount "65"]
[EventDate "2007.07.21"]
[EventType "swiss"]
[EventRounds "10"]
[EventCountry "DEN"]
[SourceTitle "CBM 119 Extra"]
[Source "ChessBase"]
[SourceDate "2007.09.04"]
[SourceVersion "1"]
[SourceVersionDate "2007.09.04"]
[SourceQuality "1"]

1. d4 f5 2. g3 Nf6 3. Bg2 g6 4. c3 d6 5. Nd2 Bg7 6. e4 Nc6 7. exf5 Bxf5 8. Qb3 Rb8 9. Ne2 e5 10. 0-0 d5 11. c4 Be6 12. dxe5 dxc4 13. Qa4 Nd7 14. Nf4 Bf5 15. Nxc4 0-0 16. Rd1 Ncxe5 17. Nxe5 Bxe5 18. Qc4+ Kh8 19. g4 b5 20. Qe2 Re8 21. gxf5 Bxf4 22. Qg4 Bxc1 23. Raxc1 Ne5 24. Qh3 Qf6 25. Rxc7 Re7 26. Rxe7 Qxe7 27. Qc3 b4 28. Qd4 Qg7 29. fxg6 hxg6 30. Qh4+ Qh7 31. Qf6+ Qg7 32. Qh4+ Kg8 33. Bd5+ 1-0

[Event "Politiken Cup 29th"]
[Site "Copenhagen"]
[Date "2007.07.24"]
[Round "5"]
[White "Holzke, Frank"]
[Black "Sorensen, Torben"]
[Result "0-1"]
[WhiteElo "2489"]
[BlackElo "2371"]
[PlyCount "60"]
[EventDate "2007.07.21"]
[EventType "swiss"]
[EventRounds "10"]
[EventCountry "DEN"]
[SourceTitle "CBM 119 Extra"]
[Source "ChessBase"]
[SourceDate "2007.09.04"]
[SourceVersion "1"]
[SourceVersionDate "2007.09.04"]
[SourceQuality "1"]

1. e4 c5 2. Nf3 Nc6 3. d4 cxd4 4. Nxd4 g6 5. c4 Bg7 6. Be3 Nf6 7. Nc3 Ng4 8. Qxg4 Nxd4 9. Qd1 e5 10. Bd3 0-0 11. 0-0 d6 12. Qd2 a6 13. Ne2 Be6 14. Nxd4 exd4 15. Bh6 Bxh6 16. Qxh6 b5 17. cxb5 axb5 18. f4 f5 19. Qh3 Qf6 20. exf5 Bxf5 21. Qf3 Qf7 22. Bxf5 Qxf5 23. a3 Rae8 24. Rac1 Re3 25. Qb7 Rf7 26. Rc8+ Kg7 27. Qb8 Qe4 28. Rg8+ Kh6 29. Qd8 Rxf4 30. Rf8 Re2 0-1

[Event "Olympiad-37"]
[Site "Turin"]
[Date "2006.06.04"]
[Round "13"]
[White "Matthews, Shane"]
[Black "Sorensen, Torben"]
[Result "0-1"]
[WhiteElo "2223"]
[BlackElo "2345"]
[PlyCount "112"]
[EventDate "2006.05.21"]
[EventType "team-swiss"]
[EventRounds "13"]
[EventCountry "ITA"]
[SourceTitle "CBM 113"]
[Source "ChessBase"]
[SourceDate "2006.07.31"]
[SourceVersion "1"]
[SourceVersionDate "2006.07.31"]
[SourceQuality "1"]
[WhiteTeam "Jamaica"]
[BlackTeam "Malta"]
[WhiteTeamCountry "JAM"]
[BlackTeamCountry "MLT"]

1. e4 c5 2. Nf3 Nc6 3. d4 cxd4 4. Nxd4 g6 5. c4 Bg7 6. Be3 Nf6 7. Nc3 Ng4 8. Qxg4 Nxd4 9. Qd1 e5 10. Bxd4 exd4 11. Nd5 0-0 12. Bd3 d6 13. 0-0 Be6 14. f4 Bxd5 15. cxd5 Qb6 16. Qd2 a5 17. Rf3 Qb4 18. Qf2 Rac8 19. Rf1 Rc7 20. a3 Qb6 21. Kh1 Rfc8 22. Qd2 Rc5 23. f5 Qc7 24. f6 Bf8 25. g4 Rc1 26. g5 Rxf1+ 27. Bxf1 Qc2 28. Qxc2 Rxc2 29. Rb3 h6 30. h4 Rf2 31. Bd3 Rf4 32. Rxb7 Rxh4+ 33. Kg2 Rg4+ 34. Kf3 Rxg5 35. b4 axb4 36. axb4 h5 37. b5 h4 38. Bf1 Rg3+ 39. Kf2 d3 40. Rb8 d2 41. Be2 Rb3 42. b6 g5 43. b7 Kh7 44. Rxf8 Rxb7 45. Bg4 Kg6 46. Ke2 Kxf6 47. Kxd2 Ke5 48. Bf5 g4 49. Rh8 g3 50. Rxh4 g2 51. Rg4 Rb1 52. Rxg2 Rb2+ 53. Ke3 Rxg2 54. Kf3 Ra2 55. Kg4 Ra3 56. Bh7 Re3 0-1

[Event "Olympiad-37"]
[Site "Turin"]
[Date "2006.05.21"]
[Round "1"]
[White "Sorensen, Torben"]
[Black "Peralta, Fernando"]
[Result "1-0"]
[WhiteElo "2345"]
[BlackElo "2524"]
[PlyCount "104"]
[EventDate "2006.05.21"]
[EventType "team-swiss"]
[EventRounds "13"]
[EventCountry "ITA"]
[SourceTitle "CBM 113"]
[Source "ChessBase"]
[SourceDate "2006.07.31"]
[SourceVersion "1"]
[SourceVersionDate "2006.07.31"]
[SourceQuality "1"]
[WhiteTeam "Malta"]
[BlackTeam "Argentina"]
[WhiteTeamCountry "MLT"]
[BlackTeamCountry "ARG"]

1. Nf3 f5 2. b3 Nf6 3. Bb2 e6 4. g3 d5 5. Bg2 Bd6 6. 0-0 Qe7 7. c4 c6 8. Nc3 a6 9. d4 0-0 10. Rc1 Nbd7 11. e3 b5 12. Rc2 Bb7 13. cxd5 cxd5 14. Qd3 Ne4 15. Qe2 Qf6 16. Ne1 b4 17. Na4 a5 18. Nd3 Ba6 19. Rfc1 Bb5 20. Qd1 Bxa4 21. bxa4 Nb6 22. f3 Ng5 23. Ne5 Qe7 24. Rc6 Rab8 25. Bf1 Nf7 26. Bb5 Nd8 27. R6c2 Rb7 28. Qd3 Rb8 29. Kg2 Ra8 30. Qe2 Nf7 31. Rc6 Rfb8 32. Nxf7 Kxf7 33. e4 fxe4 34. fxe4 dxe4 35. Qxe4 Nd5 36. Qxh7 Rh8 37. Qd3 Rh6 38. Rf1+ Kg8 39. Bc4 Rf8 40. Rxf8+ Qxf8 41. Bxd5 exd5 42. Qa6 Rxh2+ 43. Kxh2 Qf2+ 44. Kh1 Qf3+ 45. Kg1 Qxg3+ 46. Kf1 Qf3+ 47. Ke1 Bg3+ 48. Kd2 Qg2+ 49. Kd1 Qh1+ 50. Kc2 Qg2+ 51. Kb1 Qe4+ 52. Rc2 Bh4 1-0

[Event "Mediterranean-ch 3rd"]
[Site "Antalya"]
[Date "2006.02.04"]
[Round "5"]
[White "Sorensen, Torben"]
[Black "Erturan, Yakup"]
[Result "0-1"]
[WhiteElo "2368"]
[BlackElo "2365"]
[PlyCount "36"]
[EventDate "2006.02.01"]
[EventType "swiss"]
[EventRounds "9"]
[EventCountry "TUR"]
[SourceTitle "CBM 110 Extra"]
[Source "ChessBase"]
[SourceDate "2006.03.10"]
[SourceVersion "2"]
[SourceVersionDate "2006.03.10"]
[SourceQuality "1"]

1. g3 e5 2. Bg2 d5 3. Nf3 Bd6 4. 0-0 Nf6 5. d3 0-0 6. Nbd2 d4 7. Nc4 Nc6 8. e4 dxe3 9. fxe3 e4 10. dxe4 Bc5 11. e5 Ng4 12. Qxd8 Rxd8 13. Ng5 Ncxe5 14. Ne4 Nxc4 15. Nxc5 Ncxe3 16. Bxe3 Nxe3 17. Bxb7 Bxb7 18. Nxb7 Rdb8 0-1

[Event "Mediterranean-ch 3rd"]
[Site "Antalya"]
[Date "2006.02.04"]
[Round "6"]
[White "Sorensen, Torben"]
[Black "Lamoureux, Charles"]
[Result "1/2-1/2"]
[WhiteElo "2368"]
[BlackElo "2379"]
[PlyCount "111"]
[EventDate "2006.02.01"]
[EventType "swiss"]
[EventRounds "9"]
[EventCountry "TUR"]
[SourceTitle "CBM 110 Extra"]
[Source "ChessBase"]
[SourceDate "2006.03.10"]
[SourceVersion "2"]
[SourceVersionDate "2006.03.10"]
[SourceQuality "1"]

1. Nf3 d6 2. g3 e5 3. Bg2 f5 4. c4 g6 5. d3 Bg7 6. Nc3 Nf6 7. 0-0 0-0 8. Rb1 h6 9. b4 g5 10. a4 a5 11. b5 Nbd7 12. Ba3 Re8 13. Nd2 Nf8 14. Nb3 Kh8 15. Qd2 Ne6 16. Nd5 Nxd5 17. cxd5 Nd4 18. b6 cxb6 19. Rfc1 Nxb3 20. Rxb3 Bd7 21. Bxd6 Bxa4 22. Bc7 Bxb3 23. Bxd8 Raxd8 24. Rc7 a4 25. Qb4 Ra8 26. Qxb6 a3 27. Qxb3 a2 28. Rc1 a1Q 29. Rxa1 Rxa1+ 30. Bf1 Rb8 31. Qb6 Rc1 32. Kg2 Rc2 33. h3 e4 34. e3 Rd2 35. dxe4 fxe4 36. Qb4 Rb2 37. Qxe4 Rf8 38. Kg1 Rfxf2 39. d6 Rbd2 40. Bd3 Kg8 41. d7 Rg2+ 42. Qxg2 Rxg2+ 43. Kxg2 Bf6 44. Kf3 h5 45. Ke4 Bd8 46. Kf5 h4 47. g4 Kf8 48. Ke6 Bc7 49. Bc4 Bd8 50. Bd5 Ba5 51. Bxb7 Bd8 52. Bc6 Ba5 53. Bd5 Bd8 54. Bb3 Ba5 55. Bc4 Bd8 56. Bb3 1/2-1/2